Peniaze pre východné Slovensko

Európska komisia schválila finančné prostriedky na výstavbu troch priemyselných parkov v Humennom, Rožňave a Spišskej Novej Vsi. Finančná podpora na výstavbu priemyselných parkov.

Na minha lista:
Detalhes bibliográficos
Autor principal: Onuferová, Marianna
Formato: Capítulo de Livro
Idioma:eslovaco
Assuntos:
Tags: Adicionar Tag
Sem tags, seja o primeiro a adicionar uma tag!

MARC

LEADER 00000naa a2200000 4500
001 r043565
005 20230920073536.4
041 0 |a slo 
044 |a SK 
245 1 0 |a Peniaze pre východné Slovensko  |c Marianna Onuferová 
520 |a Európska komisia schválila finančné prostriedky na výstavbu troch priemyselných parkov v Humennom, Rožňave a Spišskej Novej Vsi. Finančná podpora na výstavbu priemyselných parkov. 
610 2 0 |a parky priemyselné 
610 2 0 |a prostriedky peňažné 
610 2 0 |a podpora podnikania 
610 2 0 |a spolupráca hospodárska medzinárodná 
610 2 0 |a Európska únia 
610 2 0 |a Slovensko 
100 1 |a Onuferová, Marianna